Statistieken voor Meest gesproken talen ter wereld

Klik hier om de quiz te nemen!

Algemene statistieken

  • Deze quiz is 241 keer genomen
    (80 sinds de laatste reset)
  • De gemiddelde score is 13 van 25

Antwoordstatistieken

PlaatsSprekers
(miljoenen)
%Taal% Correct
11.452,418,1Engels
100%
21.118,713,9Mandarijn-Chinees
100%
4548,36,8Spaans
98%
5274,13,4Frans
97%
12134,61,7Duits
95%
9257,73,2Portugees
95%
8258,23,2Russisch
88%
13125,41,6Japans
77%
6274,03,4Arabisch
74%
2282,31,0Wu-Chinees
74%
1985,61,1Yue-Chinees
72%
1788,11,1Turks
55%
2381,71,0Koreaans
49%
3602,27,5Hindi
48%
11199,02,5Indonesisch
43%
10231,32,9Urdu
25%
2477,40,97Perzisch
22%
2085,31,1Vietnamees
20%
7272,73,4Bengaals
15%
2182,51,0Tagalog
8%
1886,41,1Tamil
8%
2577,10,96Hausa
3%
1599,11,2Marathi
3%
14120,71,5Pidgin
0%
1695,41,2Telugu
0%

Scoreverdeling

Percentiel versus Aantal Correcte Antwoorden

Procent van Mensen met Elke Score

Uw Scoregeschiedenis

U heeft deze quiz nog niet genomen sinds de laatste reset